000 00577nam a22001817a 4500
999 _c166253
_d166253
005 20190717154221.0
010 _aENG-125982
020 _a9789385958922
_c495.00
035 _aEN-109514
037 _bDBAD/PUB
082 _a480
100 _aCody, S.
245 _aGrammar and punctuation /
_cby S.Cody
260 _aNew Delhi
_bThe Readers Paradise
_c2018
270 _a103, 4787/23, Ansari Road, Darya Ganj
_bNew Delhi
_e110002
_k011-23246222, 09811197091
_mthereadersparadisesales@gmail.com
300 _a129p.
_c22cm(Hb)
942 _2ddc
_cEN
_h480
_mCOD